Представление документа в формате MARC21

ПолеНазваниеЗначение
  Тип записи a
  Библиографический уровень m
001 Контрольный номер RU\infra-m\znanium\bibl\2205235
005 Дата корректировки 20260429142146.6
008 Кодируемые данные 260119s2026 RU g rus u
020 Индекс ISBN __
a ISBN 978-5-00156-273-3
020 Индекс ISBN __
a ISBN 978-5-16-111037-9 (электр. издание)
020 Индекс ISBN __
a ISBN 978-5-16-018026-7 (ISBN соиздателя)
040 Источник каталогиз. __
a Служба первич. каталог. Общество с ограниченной ответственностью «ЗНАНИУМ»
041 Код языка издания __
a Код языка текста rus
044 Код страны публикации __
a Код страны публикации RU
080 Индекс УДК __
a Индекс УДК 343.97
084 Индекс другой классификации/Индекс ББК __
2 Источник индекса rubbk
a Индекс другой классификации/Индекс ББК 67.51
084 Индекс другой классификации/Индекс ББК __
2 Источник индекса okso
a Индекс другой классификации/Индекс ББК 00.05.08
084 Индекс другой классификации/Индекс ББК __
2 Источник индекса okso
a Индекс другой классификации/Индекс ББК 10.05.05
084 Индекс другой классификации/Индекс ББК __
2 Источник индекса okso
a Индекс другой классификации/Индекс ББК 40.02.02
084 Индекс другой классификации/Индекс ББК __
2 Источник индекса okso
a Индекс другой классификации/Индекс ББК 40.03.01
084 Индекс другой классификации/Индекс ББК __
2 Источник индекса okso
a Индекс другой классификации/Индекс ББК 40.05.01
084 Индекс другой классификации/Индекс ББК __
2 Источник индекса okso
a Индекс другой классификации/Индекс ББК 40.05.02
084 Индекс другой классификации/Индекс ББК __
2 Источник индекса okso
a Индекс другой классификации/Индекс ББК 40.05.03
084 Индекс другой классификации/Индекс ББК __
2 Источник индекса okso
a Индекс другой классификации/Индекс ББК 40.05.04
084 Индекс другой классификации/Индекс ББК __
2 Источник индекса okso
a Индекс другой классификации/Индекс ББК 44.05.01
100 Автор __
a Автор Клеймёнов М.П.
q Полное имя Клеймёнов Михаил Петрович
u Дополнение Омский государственный университет им. Ф.М. Достоевского
245 Заглавие __
a Заглавие Преступное сообщество:криминолого-правовой анализ
b Продолж. заглавия Монография
c Ответственность Омский государственный университет им. Ф.М. Достоевского; Национальный исследовательский университет "Высшая школа экономики"; Конституционный суд Российской Федерации
250 Сведения об издании __
a Основные сведения об издании 1
260 Выходные данные __
a Место издания Москва
b Издательство ООО "Юридическое издательство Норма"
c Дата издания 2026
300 Физическое описание __
a Объем 232 с.
520 Аннотация __
a Аннотация Монография посвящена сравнительно-криминологическому и сравнительнотельно-правовому анализу преступного сообщества как специфической формы организованной преступности. Доказывается что преступное сообщество не может быть сведено к преступной организации и тем более к организованной преступной группе. Показано что преступные сообщества в различных государствах имеют общие отвечающие современным вызовам и специфические черты обусловленные национально-этническим менталитетом и особенностями государственно-правового развития. Рассмотрены различные концепты борьбы с организованной преступностью предложены криминолого-правовые меры противодействия деятельности террористических экстремистских и общеуголовных преступных сообществ. Для специалистов в области уголовно-правовых наук преподавателей аспирантов студентов и магистрантов юридических вузов сотрудников правоохранительных органов.
521 Примеч. о цел. назн. __
a Примеч. о целев. назн. Дополнительное профессиональное образование
650 Тематические рубрики __
a Основная рубрика Право. Юридические науки
x Основная подрубрика Криминология
655 Указ. предметных рубрик (устаревшее) __
a Жанр/ форма (устаревшее) Монография
700 Другие авторы __
a Другие авторы Клейменов И.М.
q Полное имя Клейменов Иван Михайлович
u Дополнение Национальный исследовательский университет "Высшая школа экономики"
700 Другие авторы __
a Другие авторы Козловская М.Г.
q Полное имя Козловская Маргарита Германовна
856 Электронный адрес документа 4_
a Имя сервера/домена znanium.ru
m Помощь ebs_support@infra-m.ru
n Местонахождение сервера НИЦ ИНФРА-М
u URL https://znanium.ru/catalog/document?id=476475
856 Электронный адрес документа 48
a Имя сервера/домена znanium.ru
d Путь /cover/2205
f Электронное имя 2205235.jpg
u URL https://znanium.ru/cover/2205/2205235.jpg
911 __
u 0030=https://znanium.ru/catalog/document?id=476475
911 __
u 712a=Национальный исследовательский университет "Высшая школа экономики"
911 __
u 712a=Конституционный суд Российской Федерации